NFL Team's Five Best Players - Statistics

General Stats
  • This quiz has been taken 152 times
    137 since last reset
  • The average score is 75 of 160
Answer Stats
Team Answer % Correct
Falcons QB Matt Ryan
91%
Buccaneers QB | Patriots QB Tom Brady
88%
Falcons WR | Titans WR Julio Jones
87%
Buccaneers WR Mike Evans
80%
49ers DB | Commanders DB | Falcons CB Deion Sanders
78%
Buccaneers TE | Patriots TE Rob Gronkowski
77%
Chiefs TE Travis Kelce
77%
Lions RB Barry Sanders
76%
Eagles C Jason Kelce
76%
Steelers QB Michael Vick
74%
Chiefs QB Patrick Mahomes
74%
Saints QB Archie Manning
72%
Saints QB Drew Brees
72%
Giants QB Eli Manning
72%
Eagles QB | Falcons QB | Jets QB Michael Vick
72%
Broncos QB Payton Manning
72%
Colts QB Peyton Manning
72%
Panthers QB Cam Newton
71%
Cowboys RB Emmit Smith
71%
Jets QB | Packers QB Aaron Rodgers
70%
Eagles WR AJ Brown
70%
Browns RB Jim Brown
70%
Ravens QB Lamar Jackson
70%
Raiders WR Tim Brown
70%
Bills DE Bruce Smith
69%
Raiders RB Bo Jackson
68%
Saints LB Rickey Jackson
68%
Lions WR Calvin Johnson
67%
Bengals WR Chad Johnson
66%
49ers WR Jerry Rice
64%
Jets QB | Packers QB Brett Favre
63%
Bills QB Josh Allen
63%
Lions QB | Rams QB Matthew Stafford
63%
Chargers QB Phillip Rivers
63%
Patriots WR | Vikings WR Randy Moss
63%
Vikings DE Jared Allen
62%
49ers QB | Chiefs QB Joe Montana
62%
Chargers RB LaDanian Tomlinson
62%
Chiefs DE Larry Allen
62%
Dolphins QB Dan Marino
61%
Ravens RB | Titans RB Derrick Henry
61%
Cardinals QB | Rams QB Kurt Warner
61%
Seahawks QB Russell Wilson
61%
Chiefs TE Tony Gonzalez
61%
Cardinals WR Larry Fitzgerald
60%
Bengals WR Jamar Chase
59%
Panthers LB Luke Kuechly
58%
Panthers RB Christian McCaffrey
57%
Ravens QB Joe Flacco
57%
Cardinals QB Kyler Murray
56%
Eagles RB | Giants RB Saquon Barkley
56%
Steelers QB Ben roethlisberger
54%
Cardinals DE | Texans DE JJ Watt
54%
Bengals QB Joe Burrow
54%
Ravens LB Ray Lewis
54%
Vikings WR Justin Jefferson
53%
Broncos QB John Elway
52%
Rams WR | Seahawks WR Cooper Kupp
51%
Ravens S | Texans S Ed Reed
51%
Giants LB Lawrence Taylor
51%
Seahawks RB Marshawn Lynch
51%
Jaguars QB Trevor Lawrence
51%
Giants WR Odell Beckham Jr.
50%
Panthers TE Greg Olsen
49%
Patriots WR Julian Edelman
49%
Colts WR Marvin Harrison
49%
Browns DE Myles Garrett
49%
Jaguars RB Fred Taylor
48%
Dolphins DE Jason Taylor
48%
Browns OT Joe Thomas
48%
Commanders S Sean Taylor
48%
Chargers TE Antonio Gates
47%
Saints TE Jimmy Graham
47%
Dolphins WR Tyreek Hill
47%
Bears RB Walter Payton
47%
Vikings RB Adrian Peterson
46%
Cowboys QB Troy Aikman
46%
Titans QB Warren Moon
46%
Jaguars CB Jalen Ramsey
44%
Browns RB Nick Chubb
44%
Seahawks CB Richard Sherman
44%
Texans WR DeAndre Hopkins
42%
Seahawks WR DK Metcalf
41%
Steelers QB Terry Bradshaw
41%
Rams RB Eric Dickerson
40%
Jaguars QB Blake Bortles
39%
Bears WR/KR/PR Devin Hester
39%
Bills QB Jim Kelly
39%
Broncos TE Shannon Sharpe
39%
Packers WR Sterling Sharpe
39%
Steelers S Troy Polamalu
38%
Cowboys QB Roger Staubach
37%
Rams NT Aaron Donald
36%
Broncos LB Von Miller
36%
Cowboys G Zack Martin
36%
Packers QB Bart Starr
34%
Texans QB CJ Stroud
34%
Cowboys TE Jason Witten
34%
Chargers QB | Colts QB Johnny Unitas
33%
Broncos WR | Patriots WR Wes Welker
33%
Buccaneers DT Warren Sapp
32%
Panthers DE Julius Peppers
30%
Saints K Morten Andersen
30%
BIlls RB OJ Simpson
30%
Bears LB Brian Urlacher
29%
49ers RB Frank Gore
29%
Giants DE Michael Strahan
29%
49ers WR Terell Owens
29%
Commanders QB Joe Theismann
27%
Bengals OT Anthony Munoz
26%
Titans QB Steve Mcnair
26%
Bears TE Mike Ditka
23%
Chargers LB Junior Seau
21%
Buccaneers LB Lavonte David
21%
Jaguars DT Calais Campbell
20%
Bears LB Dick Butkus
20%
Falcons RB Devonta Freeman
16%
Steelers WR Santonio Holmes
14%
Dolphins RB Larry Csonka
13%
Commanders QB Sammy Baugh
13%
Lions QB Bobby Layne
12%
Commanders DB Champ Bailey
12%
Texans LB Brian Cushing
10%
Packers WR Don Hutson
10%
Raiders QB Ken Stabler
10%
Eagles C/LB Chuck Bednarik
8%
Jets DE Mark Gastineau
7%
Vikings DT Alan Page
6%
Bills LB Cornelius Bennett
6%
Colts TE John Mackey
6%
Jets C Kevin Mawae
6%
Titans C Kevin mawae
6%
Browns OT/K Lou Groza
6%
Raiders LB Matt MIllen
6%
Raiders LB Ted Hendricks
6%
Bengals G Andrew Whitworth
4%
Colts LB Dwight Freeney
4%
Lions LB Joe Schmidt
3%
Dolphins QB Bob Greise
2%
Cardinals LB/S/CB Pat Tilman
1%
No matching quizzes found
Score Distribution
Percent of People with Each Score
Percentile by Number Answered
Your Score History
You have not taken this quiz since the last reset